Statistics for 2010s Oscar Best Actor Nominees

Click here to take the quiz!

General Stats

  • This quiz has been taken 15,821 times
    (4,959 since last reset)
  • The average score is 24 of 37

Answer Stats

MovieActor% Correct
The Revenant, The Wolf of Wall StreetLeonardo DiCaprio
98%
Silver Linings Playbook, American Sniper, A Star is BornBradley Cooper
93%
The MartianMatt Damon
89%
La La LandRyan Gosling
88%
Bohemian RhapsodyRami Malek
86%
Lincoln, Phantom ThreadDaniel Day-Lewis
85%
Dallas Buyers ClubMatthew McConaughey
83%
Manchester by the SeaCasey Affleck
81%
The King's Speech, A Single ManColin Firth
81%
MoneyballBrad Pitt
80%
The Theory of Everything, The Danish GirlEddie Redmayne
80%
Flight, Fences, Roman J. Israel, Esq.Denzel Washington
77%
Les MisérablesHugh Jackman
76%
American Hustle, ViceChristian Bale
76%
Tinker Tailor Soldier Spy, Darkest HourGary Oldman
76%
The Imitation GameBenedict Cumberbatch
75%
BirdmanMichael Keaton
71%
The Social NetworkJesse Eisenberg
69%
The Descendants, Up in the AirGeorge Clooney
68%
Crazy Heart, True GritJeff Bridges
67%
127 HoursJames Franco
66%
Captain Fantastic, Green BookViggo Mortensen
64%
InvictusMorgan Freeman
62%
Hacksaw RidgeAndrew Garfield
57%
Steve JobsMichael Fassbender
55%
FoxcatcherSteve Carell
55%
The Hurt LockerJeremy Renner
52%
Call Me by Your NameTimothée Chalamet
49%
The ArtistJean Dujardin
44%
The MasterJoaquin Phoenix
43%
TrumboBryan Cranston
41%
12 Years a SlaveChiwetel Ejiofor
40%
Get OutDaniel Kaluuya
40%
BiutifulJavier Bardem
31%
NebraskaBruce Dern
30%
At Eternity's GateWillem Dafoe
29%
A Better LifeDemián Bichir
13%

Score Distribution

Percentile by Number Answered

Percent of People with Each Score

Your Score History

You have not taken this quiz since the last reset